000 00673nam a2200205 a 4500
001 000010362
005 20250129121827.0
008 091006s1985 dr a r 000 p spa d
040 _aDO-SdBNP
_bspa
_cBNPHU
082 _aRD861.44
_bG261mi
100 1 _aGatón Arce, Freddy,
_d1920-1994
_97946
245 1 0 _aMirando el lagarto verde /
_cFreddy Gatón Arce.
260 _aSanto Domingo :
_bTaller,
_c1985.
300 _a69 p. :
_bil. ;
_c19 cm.
500 _aIncluye datos biográficos del autor (p. 67-68).
590 _aInventariado, 2018/BT
650 0 _aPoesía dominicana
_966
650 0 _aLiteratura dominicana.
_967
910 _aValidado. Control de calidad. MMOLINA
999 _c10121
_d10121